Movies Quiz

Random Movies or Clickable Quiz

Audrey Hepburn Co-Stars Quiz Stats

Quiz not verified by Sporcle

Challenge
Share
Tweet
Embed
Score 0/50 Timer 10:00
0 Plays Today
% Correct
Gregory Peck
90%
Cary Grant
89.6%
Fred Astaire
88.7%
George Peppard
88.2%
Humphrey Bogart
88.2%
William Holden
85.5%
Albert Finney
81%
Mel Ferrer
80.5%
Gary Cooper
78.7%
Peter O'Toole
77.8%
Anthony Perkins
72.9%
Mickey Rooney
69.7%
Sean Connery
69.7%
James Garner
69.2%
Alan Arkin
68.8%
Patricia Neal
68.3%
Shirley Maclaine
67.9%
Henry Fonda
67%
Maurice Chevalier
67%
Peter Finch
65.2%
Eddie Albert
64.7%
Burt Lancaster
64.7%
Buddy Ebsen
64.3%
James Coburn
64.3%
Ben Gazzara
63.3%
% Correct
Kay Thompson
60.2%
Richard Dreyfuss
58.8%
Eli Wallach
58.8%
Stanley Holloway
57.9%
Alec Guinness
56.6%
Walter Matthau
55.2%
Martin Balsam
55.2%
Lee J. Cobb
54.8%
John Mills
54.8%
George Kennedy
54.3%
Robert Shaw
53.8%
Gladys Cooper
53.4%
Hugh Griffith
53.4%
Lillian Gish
52.9%
Charles Boyer
52.5%
Edith Evans
51.6%
Peggy Ashcroft
49.3%
Fay Bainter
48.9%
Jean Boyer
47.5%
Noël Coward
47.5%
John Goodman
44.3%
John Ritter
43.4%
Tony Curtis
41.2%
Holly Hunter
39.8%
Marlene Dietrich
30.3%

You're not logged in!

Compare scores with friends on all Sporcle quizzes.
Join for Free
OR
Log In

You Might Also Like...

Show Comments

Extras

Top Quizzes Today


Score Distribution

Your Account Isn't Verified!

In order to create a playlist on Sporcle, you need to verify the email address you used during registration. Go to your Sporcle Settings to finish the process.

Report this User

Report this user for behavior that violates our Community Guidelines.

Details: